00561nam a2200157 i 4500001001100000005001700011008004100028080004100069100003900110245008100149260003700230300004500267650005000312651003000362852001100392C00007002c20241029142751.0940908s1970 sp f 001 0 spa d a726.54(461.13 Bóveda) Sta. Eulalia1 aFernández de la Vega, Celestino.13aEl enigma de Santa Eulalia de Bóveda / cCelestino Fernández de la Vega. aLugo : bGráficas Bao, c1970. a[12] p., II h. de lám. col. ; c24 cm. 4aIglesia de Santa Eulalia (Bóveda, España) 4aBóveda (Lugo, España) jF-2829